| 000 | 00559nam a2200169Ia 4500 | ||
|---|---|---|---|
| 005 | 20250605091319.0 | ||
| 008 | 231217s9999 xx 000 0 und d | ||
| 020 | _a9780761935988 | ||
| 082 | _a658.4012 SAN;10 R | ||
| 100 | _aSanghi, Seema. | ||
| 245 | 0 | _aHandbook of competency mapping : understanding, designing and implementing comptency models in organizations | |
| 250 | _a2nd ed. | ||
| 260 |
_c2007 _bResponse Books _aNew Delhi |
||
| 300 | _axx+227 | ||
| 650 | _acompetency,mapping,understanding,,designing,comptency,organizations | ||
| 942 | _cAA | ||
| 999 |
_c183357 _d183357 |
||